The Arts - Statistics

General Stats
  • This quiz has been taken 18 times
  • The average score is 11 of 19
Answer Stats
Hint Answer % Correct
A performance or concert dance involving highly technical figures and moves Ballet
82%
Applying pigment, color or other media to a two-dimensional surface Painting
82%
Assembling small pieces of colored glass, stone or other materials into an image Mosaic
71%
A form of literature that uses aesthetic and rhythmic qualities of language Poetry
71%
Inserting ink, dyes and pigments into the dermis Tattooing
71%
Illicit scribbles, scratches, or paintings on public walls or surfaces Graffiti
65%
Sound organized in time Music
65%
A dramatic work combining text and musical score Opera
65%
Design and production of lettering Calligraphy
59%
Live performers present the experience of a real or imagined event before a live audience Theatre
59%
Planning, designing, and constructing buildings or other physical structures Architecture
53%
A series of still images shown on a screen to create the illusion of movement Film
53%
Artwork painted or applied directly on a wall, ceiling or other large permanent surface Mural
53%
The use of ceramic materials to form containers and objects Pottery
53%
Assembling different types of materials and/or artistic forms into a new whole Collage
41%
Creating a design by incision into a stone or metal surface used for printing Lithography
35%
Recording light or other electromagnetic radiation into an image Photography
35%
Carving a design into a flat panel of wood to offset it from the background Relief Carving
29%
Using a mesh and stencil to print ink onto a surface Screen printing
29%
No matching quizzes found
Score Distribution
Percent of People with Each Score
Percentile by Number Answered
Your Score History
You have not taken this quiz